000 00839cam a22002653a 4500
001 15768
003 PGUSA
005 20140828083334.0
008 050505s2005||||xxu|||||s|||||000 | eng d
040 _aPGUSA
_beng
042 _adc
050 4 _aBX
100 1 _aSwedenborg, Emanuel,
_d1688-1772
245 1 4 _aThe Gist of Swedenborg
_h[electronic resource] /
_cEmanuel Swedenborg
260 _bProject Gutenberg,
_c2005
506 _aPublic domain in the USA.
516 _aElectronic text
653 _aSwedenborg, Emanuel, 1688-1772
653 _aNew Jerusalem Church -- Doctrinal and controversial works
700 1 _aWunsch, William F.
_q(William Frederic),
_d1882-1969
700 1 _aSmyth, Julian Kennedy,
_d1856-1921
830 0 _aProject Gutenberg
_v15768
856 4 0 _uhttp://www.gutenberg.org/ebooks/15768
942 _cEB
999 _c245023
_d245023